| Tag |
First Indicator |
Second Indicator |
Subfields |
| LEADER |
00000cam a2200000 a 4500 |
| 001 |
in00000096125 |
| 005 |
20150923174005.0 |
| 008 |
811120s1980 nyua 00010 eng |
| 010 |
|
|
|a 79057634
|
| 020 |
|
|
|a 0893810592 :
|c $20.00
|
| 020 |
|
|
|a 0893810630 (limited ed.)
|
| 035 |
|
|
|a (OCoLC)07189499
|
| 035 |
|
|
|9 AAK8519AM
|
| 039 |
0 |
|
|a 2
|b 3
|c 3
|d 3
|e 3
|
| 040 |
|
|
|a DLC
|c DLC
|d TXA
|d UtOrBLW
|
| 043 |
|
|
|a n-usp--
|
| 049 |
|
|
|a TXAM
|c [1482220]
|
| 050 |
0 |
0 |
|a TR660.5
|b A34
|
| 082 |
0 |
|
|a 779/.36/0924
|2 19
|
| 100 |
1 |
|
|a Adams, Robert,
|d 1937-
|
| 245 |
1 |
0 |
|a From the Missouri west :
|b photographs /
|c by Robert Adams.
|
| 264 |
|
1 |
|a Millerton, N.Y. :
|b Aperture ;
|c [1980]
|
| 264 |
|
2 |
|a [New York, N.Y.] :
|b Distributed by Harper & Row,
|
| 264 |
|
4 |
|c ©1980
|
| 300 |
|
|
|a 63 pages :
|b chiefly illustrations ;
|c 25 x 29 cm.
|
| 336 |
|
|
|a text
|b txt
|2 rdacontent
|
| 337 |
|
|
|a unmediated
|b n
|2 rdamedia
|
| 338 |
|
|
|a volume
|b nc
|2 rdacarrier
|
| 490 |
1 |
|
|a A New images book
|
| 650 |
|
0 |
|a Landscape photography.
|
| 651 |
|
0 |
|a West (U.S.)
|v Pictorial works.
|
| 830 |
|
0 |
|a New images book.
|
| 999 |
|
|
|a MARS
|
| 999 |
f |
f |
|s cc61f006-5621-336f-b66e-d35bdc4f1f04
|i 8ae1dcbe-93af-3b02-8786-5d3ed87ca36e
|t 0
|
| 952 |
f |
f |
|p ric
|a Texas A&M University
|b Rellis Campus
|c Joint Library Facility
|d Remote Storage
|t 0
|e TR660.5 A34
|h Library of Congress classification
|i unmediated -- volume
|m A14806038888
|
| 998 |
f |
f |
|a TR660.5 A34
|t 0
|l Remote Storage
|